Diccionario de las artes decorativas (Record no. 1738)

MARC details
000 -CABECERA
campo de control de longitud fija 00845nam a2200265 a 4500
001 - NÚMERO DE CONTROL
campo de control BRCA_1969
005 - FECHA Y HORA DE LA ÚLTIMA TRANSACCIÓN
campo de control 20190320203624.0
008 - DATOS DE LONGITUD FIJA--INFORMACIÓN GENERAL
campo de control de longitud fija 941014s --1987sp-a---##d---#000-0#spa-d
020 ## - NÚMERO INTERNACIONAL ESTÁNDAR DEL LIBRO
Número Internacional Estándar del Libro 8420652229
040 ## - FUENTE DE LA CATALOGACIÓN
Centro catalogador/agencia de origen DZM
Centro/agencia transcriptor DZM
041 ## - CÓDIGO DE LENGUA
Código de lengua del texto/banda sonora o título independiente spa
Código de lengua original eng
050 #4 - SIGNATURA TOPOGRÁFICA DE LA BIBLIOTECA DEL CONGRESO
Número de clasificación NK30
Número de documento/Ítem .F54 1987
100 1# - ENTRADA PRINCIPAL--NOMBRE DE PERSONA
Nombre de persona Fleming, John
9 (RLIN) 6044
245 10 - MENCIÓN DE TÍTULO
Título Diccionario de las artes decorativas
Mención de responsabilidad, etc. John Fleming, Hugh Honour ; traducción María Luisa Balseiro.
260 ## - PUBLICACIÓN, DISTRIBUCIÓN, ETC.
Lugar de publicación, distribución, etc. Madrid
Nombre del editor, distribuidor, etc. Alianza
Fecha de publicación, distribución, etc. c1987
300 ## - DESCRIPCIÓN FÍSICA
Extensión 932 p.
Otras características físicas il.
Dimensiones 24 cm.
440 #0 - MENCIÓN DE SERIE/PUNTO DE ACCESO ADICIONAL--TÍTULO
Título Alianza diccionarios
9 (RLIN) 6045
500 ## - NOTA GENERAL
Nota general Traducción de : The Penguin Dictionary of Decorative Arts
650 14 - PUNTO DE ACCESO ADICIONAL DE MATERIA--TÉRMINO DE MATERIA
Término de materia o nombre geográfico como elemento de entrada Arte decorativo
Subdivisión de forma Diccionarios
9 (RLIN) 6046
700 1# - PUNTO DE ACCESO ADICIONAL--NOMBRE DE PERSONA
Nombre de persona Honour, Hugh
9 (RLIN) 6047
700 1# - PUNTO DE ACCESO ADICIONAL--NOMBRE DE PERSONA
Nombre de persona Balseiro, María Luisa
9 (RLIN) 1445
740 0# - PUNTO DE ACCESO ADICIONAL--TÍTULO RELACIONADO O ANALÍTICO NO CONTROLADO
Título relacionado o analítico no controlado The Penguin Dictionary of Decorative Arts
902 ## - CATALOGADOR
Iniciales REF
942 ## - ELEMENTOS DE PUNTO DE ACCESO ADICIONAL (KOHA)
Fuente del sistema de clasificación o colocación Library of Congress Classification
Tipo de ítem Koha Libros
Holdings
Estado de retiro Estado de pérdida Estado dañado No para préstamo Localización permanente Ubicación/localización actual Fecha de adquisición Total de préstamos Signatura topográfica completa Código de barras Fecha visto por última vez Precio válido a partir de Tipo de ítem Koha
El ejemplar forma parte de la colección y puede ser consultado según las políticas vigentes.       Biblioteca del Museo Franz Mayer (Rogerio Casas-Alatriste) Biblioteca del Museo Franz Mayer (Rogerio Casas-Alatriste) 30/07/2008   NK30 .F54 1987 REF00125 22/03/2019 22/03/2019 Libros